00841nam a2200169Ia 4500008004100000020001800041082001600059245015100075260008200226300001100308440005800319500002700377650009600404700006400500952009000564999001700654120622s9999 xx 000 0 und d a968-895-489-6 a337.72 I34r aImpactos regionales de la apertura comercial : perspectivas del Tratado de Libre Comercio en Jalisco / comp. Jesús Arroyo Alejandre, David Lorey aGuadalajara, Jalisco : Universidad de Guadalajara : UCLA, Program on México a372 p. aCiclos y tendencias en el México del siglo XX ; t.4 aIncluye bibliografía a1. MEXICO - RELACIONES ECONOMICAS EXTERIORES \ 2. JALISCO (MEXICO) - CONDICIONES ECONOMICAS aArroyo Alejandre, Jesús ; comp. \ Lorey, David ; comp.Ì 00104070a01b01d2007-01-25l0o337.72 I34Rp01 003180r2012-06-24w2012-06-24yLB c58783d58783